| 000 | 00857nam a22002897a 4500 | ||
|---|---|---|---|
| 003 | CHAP | ||
| 005 | 20220329140012.0 | ||
| 008 | 971013s1971 r 00010 d | ||
| 010 | _a45351 | ||
| 011 | _a46323 | ||
| 035 | _a50464 | ||
| 040 | _cCHAP | ||
| 090 | _aFolleto 8891 | ||
| 110 |
_aUACH. Centro de Desarrollo Infantil _9115826 |
||
| 245 | _aPlan de trabajo, 197 - 198 | ||
| 260 |
_aChapingo, Méx. : _bUACH, _c197 - 198 |
||
| 300 | _av. | ||
| 500 | _aLa biblioteca tiene: 1982, 1983 | ||
| 590 |
_aBATCH-UPD _b10 _c20130110 _lUCH01 _h2134 |
||
| 590 |
_aBATCH-UPD _b10 _c20130410 _lUCH01 _h1443 |
||
| 590 |
_aBATCH-UPD _b10 _c20130914 _lUCH01 _h1554 |
||
| 590 |
_aCONVERSION _b10 _c20130109 _lUCH01 _h1325 |
||
| 650 | 1 | 4 |
_aGuarderías infantiles. _951014 |
| 901 | _aBK | ||
| 942 | _cFOLL | ||
| 949 |
_aFolleto 8891 _bBC _cESP _d-113399 _eESP _i50464 _mD _si |
||
| 999 |
_c45351 _d45351 |
||